Регионална библиотека "Любен Каравелов" - Русе

Техническия строеж на българската народна музика (Запис номер 88504)

MARC детайли
000 -Лидер
Контролно поле с фиксирана дължина 05913nam a2200565 c 4500
003 - Код на организацията, давaща контролен номер
Контролно поле BLK
005 - Дата и час на последна редакция
Контролно поле 20250220125837.0
008 - Елементи от данни с фиксирана дължина
fixed length control field 180408b bul|||||r ||||||| ||bul||
010 ## - Наследен системен номер
LC control number KNG00093197000
040 ## - Източник на каталожния запис
Идентификатор на билиотеката - собственик на записа BLK
041 ## - Код за език
Код за езика на текст/звукозапис или на отделно заглавие Български
Код за езика КДБФ Български
072 #7 - Код за тематичната категория
Код организация bullib
Код за тематична категория А
Текст Фонд Михаил Арнаудов
072 #7 - Код за тематичната категория
Код организация bullib
Код за тематична категория Я
Текст Автографи
080 ## - УДК
Текстов определител УДК Теория и форми на националната музика на отделните народи
УДК код - определител по УДК 781.7
УДК определител (497.2)
УДК - код + определител 781.7(497.2)
100 ## - Редна дума - Автор
Автор Христов, Добри
Дати, свързани с автора 1875 - 1941
Пълна форма на името Иванов, Добри Христов
R(LIN) 303202
139 ## - Редно поле
Редна дума Христов, Добри
Авторски знак Хрис - Х 77
245 10 - Сведения за заглавието
Заглавие Техническия строеж на българската народна музика
Подзаглавни данни Метрика, ритмика, тонални и хармонични особености : С кратък ист. преглед на индивидуални музикални прояви в България от минало настояще време
Редно поле (дума) Добри Христов
257 ## - Страна на издаване
Страна на създаване/издаване България
260 ## - Област на издателските данни
Име на издателя, разпространителя и проч. Изд. авт.
Година на издаване 1928
Печатница София : С. М. Стайков
300 ## - Физическа характеристика
Страници 80 с.
Илюстрации и др. с ноти
Размери/Мащаб 23 см
380 ## - Жанр
Жанр Изкуство
490 ## - СЕРИИ (Колекции)
9 (RLIN) 396381
Име на серия Частна колекция - Академик Михаил Арнаудов
Бележки за серията дарение - основен фонд
500 ## - Общи забележки
Забележка Библиогр. с. 77-80. - Екз. с инв. № 740402 съдържа подпис на М. Арнаудов ; Автограф с текст: На г-н Проф. Арнаудов Д. Христов 1.ІІ.928.
650 #4 - Допълнително описание по предмет – тема
Основно описание – тема или топоним Музика, народна - теория
9 (RLIN) 303204
651 #4 - Допълнително описание по предмет - топоним
Географско понятие България
9 (RLIN) 241624
653 ## - Ключова дума – ненормативна
Ключова дума народна музика
653 ## - Ключова дума – ненормативна
Ключова дума българска музика
659 ## - Тематичен бюлетин
Тематичен бюлетин А
659 ## - Тематичен бюлетин
Тематичен бюлетин Я
700 1# - Други автори (авторска отговорност)
Лично име Иванов, Добри Христов
Автороска отговорност (Описва отношението между автора и произведението) *
9 (RLIN) 303203
762 ## - Описание на подсерията (дигитална колекция)
9 (RLIN) 409507
Номер на изображение 1
Описание на изображение Текст: На г-н Проф. Арнаудов Д. Христов 1.ІІ.928.
Название на изображение Автограф от Добри Христов
Име на дигиталната колекция Послания на времето
Резюме на колекция Акад. Михаил Арнаудов - послания и дарствени слова
Описание на колекция Академик Михаил Арнаудов е личност със значимо присъствие в българската култура и принос в областта на науката, литературата, фолклора, историята на българското Възраждане, социологията, философията и народопсихологията. Цялото документално и библиотечно наследство на родения в Русе виден учен е национално богатство от изключително значение. Единствено Регионална библиотека „Любен Каравелов“ – Русе притежава колекция от над 1500 книги от личната библиотека на Михаил Арнаудов с автографи, послания и дарствени надписи от български и чужди знакови личности. Зад всеки автограф се крие историята на взаимоотношенията между Академика и неговите съвременници. Тези автографи са неизвестни и неизследвани страници от българското културно наследство.
763 1# - Описание на подсерията (дигитални колекции - автор)
Връзки 223482
Автор към изображението Христов, Добри
Дати, свързани с автора 14.12.1875 – 23.01.1941
Друга информация Добри Христов е български композитор, хоров диригент, музиковед и педагог, извънреден член на БАН, класик на хоровата песен. Завършва Пражката консерватория. Преподавател и директор на Държавното музикално училище в София. Преподавател по теоретични дисциплини и професор в Държавната музикална академия в София. Съосновател и диригент на музикалните дружества „Гусла“ във Варна и „Родна песен“ в София. Диригент на хора при църквата „Св. Седмочисленици“ и на хора при храм- паметник „Св. Александър Невски“. Творчеството на Добри Христов е вградено в основите на българската музикална култура. Той е автор на едни от най-ярките образци от новата българска църковно-музикална литература – Литургиите на св. Йоан Златоуст и Песнопения по Всенощно бдение. Оставил е огромен брой хорови и солови песни: „Ръченица“, „Леле моме“, „Ерген дядо“, „Ганината майка“ или „Дафино вино“; „Сивляна“, „Девойче“, „Я разтурай“ или „Леле, Божке“ и др.
Номера от таг 762 подп. 9 409507
Номер на изображение 1
Пълно име на автора Добри Христов
852 ## - Местоположение
Форматна сигнатура Цб 7.230.15097
Фондова буква Основен фонд - ползва се само за читалня
852 ## - Местоположение
Форматна сигнатура МА 4782
856 4# - Електронен адрес и достъп
Електронен формат pdf - файл
856 4# - Електронен адрес и достъп
Електронен формат pdf - файл
999 ## - СИСТЕМНИ КОНТРОЛНИ НОМЕРА
Koha biblionumber 88504
Koha biblioitemnumber 88504
942 ## - АРТИКУЛИ
Вид на библиотечния материал Книги
Скрит в OPAC Не
Периодичен библиозапис Да
Koha issues (borrowed), all copies 1
944 ## - СЪЗДАВАНЕ И РЕДАКЦИЯ на ЗАПИСА
Създаване/Редакция Създаване
Дата на регистрацията/редакция 11.01.2010
Статус, дата на статуса Ренета Константинова
Служител, извършил регистрацията/редакцията 30546
944 ## - СЪЗДАВАНЕ И РЕДАКЦИЯ на ЗАПИСА
Създаване/Редакция Редакция
Дата на регистрацията/редакция 31.08.2016
Статус, дата на статуса ф /
Служител, извършил регистрацията/редакцията Людмила_Стоянова
999 ## - СИСТЕМНИ КОНТРОЛНИ НОМЕРА
Koha biblioitemnumber 88504
999 ## - СИСТЕМНИ КОНТРОЛНИ НОМЕРА
Koha biblioitemnumber 88504
999 ## - СИСТЕМНИ КОНТРОЛНИ НОМЕРА
Koha biblioitemnumber 88504
999 ## - СИСТЕМНИ КОНТРОЛНИ НОМЕРА
Koha biblioitemnumber 88504
999 ## - СИСТЕМНИ КОНТРОЛНИ НОМЕРА
Koha biblioitemnumber 88504
999 ## - СИСТЕМНИ КОНТРОЛНИ НОМЕРА
Koha biblioitemnumber 88504
999 ## - СИСТЕМНИ КОНТРОЛНИ НОМЕРА
Koha biblioitemnumber 88504
999 ## - СИСТЕМНИ КОНТРОЛНИ НОМЕРА
Koha biblioitemnumber 88504
999 ## - СИСТЕМНИ КОНТРОЛНИ НОМЕРА
Koha biblioitemnumber 88504
999 ## - СИСТЕМНИ КОНТРОЛНИ НОМЕРА
Koha biblioitemnumber 88504
Наличности
Код за отписване Код за изгубен артикул Източник на класификационната схема Код за повреда Коз за рестрикции Код за отдаване Артикулен № Име на библиотеката - собственик Име на библиотеката, в която се намира в момента Статус (Текущо местоположение) Дата на вписване в системата Местоположение - отдел Цена в лева Номерация (Хронология) Инвентарен номер Систематично азбучна сигнатура Баркод Номер на екземпляра Цена в евро Служебна бележка Служебен тип на артикула
  Не е изгубен Universal Decimal Classification Не е повреден само за читалня Специални фондове ( старопечатни, редки и ценни, фонд М. Арнаудов) 143553 Регионална библиотека "Любен Каравелов" Русе Регионална библиотека "Любен Каравелов" Русе Фонд "Михаил Арнаудов" 2010-01-11 Фонд "Михаил Арнаудов" 20.00 Автограф: Добри Христов 120000740402 МА 4782 120000740402 1 10.23 Дост: DA Вид: А N: 1 Дата: 11.01.2010 Книги
  Не е изгубен Universal Decimal Classification Не е повреден без рестрикции ползва се в читалня 143554 Регионална библиотека "Любен Каравелов" Русе Регионална библиотека "Любен Каравелов" Русе Хранилище 1928-01-01 Основен фонд - ползва се само за читалня 0.06   15097 Цб 7.230.15097 900000064886 2 0.03 Дост: Pk Вид: Ф N: стар фонд Дата: 01.01.1928 Книги
Vip Innovations Ltd, Rousse, Bulgaria 2025